| 000 | 01638cam a2200709ua 4500 | ||
|---|---|---|---|
| 020 | _cRs.2.30 | ||
| 041 |
_aeng _h |
||
| 082 |
_a510.0212 _bCLE/NE |
||
| 100 | _aClark, K.L.R . | ||
| 245 | 0 | 0 |
_aNew physical and mathematical tables / _cClark. _hTextual Documents |
| 260 |
_aNew Delhi : _bKiran Publications , _c1968. |
||
| 300 | _a96 ; . | ||
| 365 | _aRs.2.30 | ||
| 504 | _a | ||
| 942 | _cBK | ||
| 999 |
_c345 _d345 |
||